宮城県の戦前市制・町制 - Statistics

General Stats
  • This quiz has been taken 157 times
  • The average score is 37 of 51
Answer Stats
施行日 施行内容 所属郡 回答 % Correct
1889.04.01 市制 (市) 仙台市
100%
1889.04.01 町制 亘理郡 亘理町
98%
1889.04.01 町制 名取郡 岩沼町
94%
1889.04.01 町制 登米郡 登米町
93%
1933.04.01 市制 (市) 石巻市
93%
1889.04.01 町制 柴田郡 大河原町
90%
1889.04.01 町制 牡鹿郡 石巻町
90%
1926.04.01 町制 牡鹿郡 女川町
90%
1889.04.01 町制 刈田郡 白石町
89%
1889.04.01 町制 伊具郡 角田町
89%
1889.04.01 町制 志田郡 古川町
89%
1889.04.01 町制 本吉郡 気仙沼町
89%
1907.04.01 町制 遠田郡 小牛田町
89%
1941.11.23 市制 (市) 塩竈市
89%
1921.04.20 町制 玉造郡 鳴子町
88%
1889.04.01 町制 宮城郡 塩竈町
85%
1897.02.09 町制 伊具郡 丸森町
85%
1928.01.01 町制 宮城郡 松島町
83%
1889.04.01 町制 遠田郡 涌谷町
81%
1889.04.01 町制 加美郡 中新田町
80%
1889.04.01 町制 玉造郡 岩出山町
79%
1895.10.31 町制 本吉郡 志津川町
79%
1895.10.31 町制 柴田郡 村田町
75%
1896.06.30 町制 栗原郡 築館町
75%
1940.04.01 町制 桃生郡 矢本町
75%
1904.04.01 町制 柴田郡 槻木町
74%
1889.04.01 町制 宮城郡 原町
73%
1889.04.01 町制 黒川郡 吉岡町
73%
1915.02.01 町制 名取郡 長町
73%
1889.04.01 町制 栗原郡 若柳町
72%
1889.04.01 町制 登米郡 佐沼町
72%
1928.04.01 町制 名取郡 閖上町
69%
1895.10.31 町制 志田郡 三本木町
68%
1941.11.03 町制 柴田郡 船岡町
68%
1896.06.30 町制 名取郡 増田町
65%
1943.02.11 町制 加美郡 小野田町
65%
1923.04.10 町制 栗原郡 一迫町
62%
1889.04.01 町制 牡鹿郡 渡波町
60%
1890.03.15 町制 志田郡 松山町
60%
1906.11.01 町制 本吉郡 柳津町
59%
1941.04.01 町制 桃生郡 雄勝町
59%
1902.12.26 町制 遠田郡 田尻町
57%
1889.04.01 町制 栗原郡 岩ケ崎町
56%
1902.07.15 町制 栗原郡 高清水町
56%
1897.02.09 町制 伊具郡 金山町
52%
1940.12.01 町制 牡鹿郡 鮎川町
52%
1901.03.26 町制 桃生郡 飯野川町
48%
1943.04.29 町制 亘理郡 荒浜町
48%
1903.12.11 町制 登米郡 米谷町
47%
1941.11.03 町制 本吉郡 津谷町
46%
1912.05.15 町制 登米郡 石森町
44%
No matching quizzes found
Score Distribution
Percent of People with Each Score
Percentile by Number Answered
Your Score History
You have not taken this quiz